[Event "Irkutsk-ch sf"]
[Site "Irkutsk"]
[Date "2010.02.20"]
[Round "1"]
[White "Mufazalov, Egor"]
[Black "Nefediev, Egor"]
[Result "1-0"]
[WhiteElo "1734"]
[BlackElo "1938"]
[PlyCount "159"]
[EventDate "2010.02.20"]
[EventType "swiss"]
[EventRounds "7"]
[EventCountry "RUS"]
[SourceTitle "EXT 2022"]
[Source "ChessBase"]
[SourceDate "2021.10.06"]
[SourceVersion "1"]
[SourceVersionDate "2021.10.06"]
[SourceQuality "1"]

1. e4 e5 2. Nf3 Nf6 3. Nc3 Nc6 4. Bc4 Bc5 5. d3 h6 6. a3 d6 7. h3 Be6 8. Ba2 d5 9. exd5 Nxd5 10. 0-0 0-0 11. Bd2 Qd7 12. Re1 Bd4 13. Re4 Rae8 14. Nxd4 exd4 15. Nxd5 Bxd5 16. Bxd5 Qxd5 17. Rxe8 Rxe8 18. Bf4 Ne5 19. Qd2 Re6 20. Re1 Rg6 21. Bg3 Nd7 22. Qf4 h5 23. Qxc7 h4 24. Qd8+ Kh7 25. Qxh4+ Rh6 26. Qe4+ Qxe4 27. Rxe4 Rb6 28. Rxd4 Nc5 29. Rb4 Re6 30. d4 a5 31. Rb5 Re1+ 32. Kh2 Ne6 33. Rxb7 Nxd4 34. c3 Ne6 35. Rxf7 Nc5 36. Rf5 Nb3 37. Re5 Rb1 38. Re2 a4 39. c4 Nd4 40. Rd2 Nb3 41. Re2 Nd4 42. Re7 Nb3 43. Rd7 Nc5 44. Rc7 Ne4 45. Rd7 Nc5 46. Rd5 Ne4 47. Rd4 Nxg3 48. Kxg3 Rxb2 49. c5 Rb3+ 50. f3 Rxa3 51. Rc4 Rd3 52. c6 a3 53. c7 a2 54. Rc1 Rc3 55. Ra1 Rxc7 56. Rxa2 Rc4 57. Ra6 Rc2 58. f4 Rb2 59. f5 Rb5 60. Kg4 Rb4+ 61. Kg5 Rb3 62. Kh4 Rc3 63. g4 Rb3 64. Ra7 Rf3 65. Rf7 Kg8 66. Ra7 Kf8 67. Ra5 Kf7 68. g5 Rf1 69. Kh5 Rf3 70. h4 Rb3 71. Ra7+ Kf8 72. Kg6 Rb6+ 73. f6 Rb8 74. Rxg7 Rb1 75. Ra7 Rb8 76. h5 Kg8 77. h6 Rc8 78. Re7 Rf8 79. f7+ Kh8 80. Re8 1-0

[Event "Irkutsk Ermolaev Memorial 3rd"]
[Site "Irkutsk"]
[Date "2009.07.10"]
[Round "7"]
[White "Nefediev, Egor"]
[Black "Khusainov, Gennady"]
[Result "0-1"]
[WhiteElo "1994"]
[BlackElo "1532"]
[PlyCount "66"]
[EventDate "2009.07.04"]
[EventType "swiss"]
[EventRounds "9"]
[EventCountry "RUS"]
[SourceTitle "EXT 2012"]
[Source "ChessBase"]
[SourceDate "2011.11.24"]
[SourceVersion "1"]
[SourceVersionDate "2011.11.24"]
[SourceQuality "1"]

1. e4 c5 2. Nf3 Nf6 3. Nc3 d5 4. Bb5+ Bd7 5. e5 Bxb5 6. Nxb5 Nfd7 7. d4 Qa5+ 8. Nc3 cxd4 9. Qxd4 e6 10. Bd2 Nc6 11. Qf4 Qa6 12. Ne2 Be7 13. Qg3 0-0-0 14. Qxg7 Rdf8 15. Nf4 Rhg8 16. Qxh7 Ndxe5 17. Nxe5 Nxe5 18. Qh3 Kb8 19. Qb3 Nc6 20. c3 Ne5 21. 0-0-0 Bd6 22. g3 Nc4 23. Nh5 Rc8 24. Kb1 Rc5 25. Nf6 Rd8 26. a4 Ra5 27. Bc1 Rxa4 28. h4 Ra5 29. h5 Rb5 30. Qa2 Na3+ 31. Ka1 Nc2+ 32. Kb1 Ra5 33. Qb3 Na1 0-1

[Event "Irkutsk Ermolaev Memorial 3rd"]
[Site "Irkutsk"]
[Date "2009.07.07"]
[Round "4"]
[White "Tolmacheva, Eva"]
[Black "Nefediev, Egor"]
[Result "0-1"]
[WhiteElo "1931"]
[BlackElo "1994"]
[PlyCount "54"]
[EventDate "2009.07.04"]
[EventType "swiss"]
[EventRounds "9"]
[EventCountry "RUS"]
[SourceTitle "EXT 2012"]
[Source "ChessBase"]
[SourceDate "2011.11.24"]
[SourceVersion "1"]
[SourceVersionDate "2011.11.24"]
[SourceQuality "1"]

1. c4 Nf6 2. g3 g6 3. Bg2 Bg7 4. d4 0-0 5. Nc3 d6 6. e4 c5 7. d5 Nbd7 8. f4 Ne8 9. Nf3 e5 10. dxe6 fxe6 11. 0-0 Nb6 12. Qe2 d5 13. cxd5 exd5 14. exd5 Nxd5 15. Nxd5 Qxd5 16. Rd1 Qe6 17. Qf1 Qb6 18. Kh1 Bf5 19. Ng5 Nf6 20. Qe2 Qc7 21. Qc4+ Kh8 22. Be3 Rac8 23. Rac1 Ng4 24. Bxc5 Qxc5 25. Nf7+ Rxf7 26. Qxc5 Rxc5 27. Rd8+ Rf8 0-1

[Event "Irkutsk Ermolaev Memorial 3rd"]
[Site "Irkutsk"]
[Date "2009.07.05"]
[Round "2"]
[White "Besedin, Anatoly"]
[Black "Nefediev, Egor"]
[Result "1-0"]
[WhiteElo "2097"]
[BlackElo "1994"]
[PlyCount "93"]
[EventDate "2009.07.04"]
[EventType "swiss"]
[EventRounds "9"]
[EventCountry "RUS"]
[SourceTitle "EXT 2012"]
[Source "ChessBase"]
[SourceDate "2011.11.24"]
[SourceVersion "1"]
[SourceVersionDate "2011.11.24"]
[SourceQuality "1"]

1. e4 e5 2. Nf3 Nf6 3. Nxe5 Nxe4 4. Qe2 Qe7 5. Qxe4 d6 6. d4 dxe5 7. Qxe5 Qxe5+ 8. dxe5 Nc6 9. Bb5 Bd7 10. Bxc6 Bxc6 11. 0-0 0-0-0 12. Be3 g6 13. Bg5 Re8 14. Bf6 Rg8 15. Nc3 Be7 16. Rfe1 Bxf6 17. exf6 g5 18. b4 a6 19. a4 Rg6 20. b5 Rxe1+ 21. Rxe1 axb5 22. axb5 Bd7 23. Nd5 Kd8 24. Re7 Be6 25. Rxe6 fxe6 26. f7 exd5 27. f8Q+ Kd7 28. Qf7+ Kd6 29. Qxh7 Re6 30. g3 g4 31. Qf5 Re4 32. f3 gxf3 33. Qxf3 Kc5 34. h4 Kxb5 35. Qxe4 dxe4 36. h5 Kc4 37. Kf2 Kd4 38. h6 c5 39. h7 Kc3 40. h8Q+ Kxc2 41. Qc8 b6 42. Ke3 Kc3 43. Qc6 c4 44. Qxb6 Kc2 45. Kxe4 c3 46. g4 Kd1 47. Kd3 1-0

[Event "Irkutsk-ch Rating sf"]
[Site "Irkutsk"]
[Date "2008.05.06"]
[Round "13"]
[White "Trapeznikova, Darya"]
[Black "Nefediev, Egor"]
[Result "0-1"]
[WhiteElo "1936"]
[BlackElo "1994"]
[PlyCount "174"]
[EventDate "2008.05.06"]
[EventType "tourn"]
[EventRounds "15"]
[EventCountry "RUS"]
[SourceTitle "EXT 2022"]
[Source "ChessBase"]
[SourceDate "2021.10.06"]
[SourceVersion "1"]
[SourceVersionDate "2021.10.06"]
[SourceQuality "1"]

1. d4 Nf6 2. c4 g6 3. Nc3 Bg7 4. e4 d6 5. Nf3 0-0 6. h3 Nbd7 7. Bg5 e5 8. dxe5 dxe5 9. Nd5 Re8 10. Be2 c6 11. Nxf6+ Nxf6 12. Qxd8 Rxd8 13. Nxe5 Re8 14. Nd3 Nxe4 15. Be3 Ng3 16. Rg1 Bf5 17. Kd2 Nxe2 18. Kxe2 Rad8 19. Rad1 b6 20. b3 c5 21. Nf4 Be4 22. f3 Bc6 23. Rxd8 Rxd8 24. Rd1 Rxd1 25. Kxd1 Kf8 26. Kd2 Ke7 27. Kd3 Kd6 28. Ne2 a6 29. b4 Bd7 30. bxc5+ bxc5 31. Nc3 f5 32. Nd5 Be6 33. Nb6 Kc6 34. Na4 Bf8 35. Kc3 Bd6 36. f4 Be7 37. Kd3 h6 38. Kc3 g5 39. Kd3 g4 40. Bf2 gxh3 41. gxh3 Bf7 42. Kc3 Bh5 43. Kd2 Bf3 44. Ke3 Bg2 45. h4 Bf1 46. Nb2 Bf6 47. Nd3 Bd4+ 48. Kd2 Bxf2 49. Nxf2 Bxc4 50. a3 Kb5 51. Kc3 Be2 52. Kb3 Kc6 53. Kc3 Kd5 54. Nh1 h5 55. Ng3 Bg4 56. Kd3 c4+ 57. Ke3 Kc5 58. Nf1 c3 59. Kd3 c2 60. Kxc2 Kd4 61. Kd2 Ke4 62. Ke1 Kxf4 63. Kf2 Bd1 64. Ne3 Bb3 65. Ng2+ Ke4 66. Kg3 Bd1 67. Nf4 a5 68. Ne6 a4 69. Ng5+ Kd4 70. Kf4 Bg4 71. Ne6+ Kc4 72. Ng7 Kb3 73. Nxf5 Bxf5 74. Kxf5 Kxa3 75. Kg5 Kb4 76. Kxh5 a3 77. Kg6 a2 78. h5 a1Q 79. Kh7 Qb1+ 80. Kg7 Qb2+ 81. Kh7 Qc2+ 82. Kg7 Qc3+ 83. Kh7 Qd3+ 84. Kg7 Qd4+ 85. Kh7 Qe4+ 86. Kg7 Qe5+ 87. Kg6 Qh8 0-1